Návrh a výroba ortézy pomocou CA technológií

Salvato in:
Dettagli Bibliografici
Autore principale: Čapkovič, Matej (Autore)
Altri autori: Morovič, Ladislav (Relatore della tesi)
Natura: Manoscritto Libro
Lingua:slovacco
Pubblicazione: 2017
Soggetti:
Accesso online:http://is.stuba.sk/zp/portal_zp.pl?podrobnosti=118393
Tags: Aggiungi Tag
Nessun Tag, puoi essere il primo ad aggiungerne!!

MARC

LEADER 00000ntm a22000003a 4500
001 stuzp62631
003 SK-STU
005 20170610210615.6
007 ta
008 150427s2015----xo-----f-mn---000-0-slo-d
040 |a STU  |b slo 
041 0 |a slo 
100 1 |a Čapkovič, Matej  |u 063000  |k Z4  |4 aut  |U MTF Materiálovotechnologická fakulta  |T MTF Ústav výrobných technológií  |X 45811  |U M3000  |Y 83  |7 A000045811 
242 0 1 |a Design and manufacture of orthosis using CA technologies  |y eng 
245 1 0 |a Návrh a výroba ortézy pomocou CA technológií 
260 |c 2017 
650 4 |a Rapid Prototyping  |2 slo 
650 4 |a Fused Deposition Modeling  |2 slo 
650 4 |a modelovania roztaveným povlakovaním  |2 slo 
650 4 |a 3D skenovanie  |2 slo 
650 4 |a ortéza  |2 slo 
650 4 |a Meshmixer  |2 slo 
650 4 |a SolidWorks  |2 slo 
650 4 |a RP  |2 slo 
650 4 |a FDM  |2 slo 
650 4 |a Fused Deposition Modeling  |2 eng 
650 4 |a SolidWorks  |2 eng 
650 4 |a 3D scanning  |2 eng 
650 4 |a orthosis  |2 eng 
650 4 |a Rapid Prototyping  |2 eng 
650 4 |a Meshmixer  |2 eng 
650 4 |a RP  |2 eng 
650 4 |a FDM  |2 eng 
700 1 |a Morovič, Ladislav  |u 063600  |k Z1  |4 ths  |U MTF Ústav výrobných technológií  |T MTF Katedra obrábania a tvárnenia  |X 38280  |U M3600  |Y 841  |7 A000038280 
856 4 |u http://is.stuba.sk/zp/portal_zp.pl?podrobnosti=118393 
996 |c M* DP-13080  |l MMSKP  |s P  |a 0  |w stuzp62631_0001